famous fictional characters #1 - Statistics

General Stats
  • This quiz has been taken 85 times
  • The average score is 9 of 15
Answer Stats
Hint Answer % Correct
007 James Bond
94%
''no, i am your father'' Darth Vader
90%
Man of Steel Superman
83%
Lightningbolt mark above his eye Harry Potter
76%
spinach makes him OP Popeye
71%
"your friendly neighbourhood ..." Spiderman
69%
"why so serious?" Joker
63%
... Club house (old tv show) Micky mouse
61%
"What's up doc" Bugs bunny
60%
"I am ..." Ironman
50%
"no shit ..." Sherlock Holmes
50%
"Do or do not there is no try" Yoda
50%
"I can do this all day" Captain America
44%
Main character of LOTR Frodo Baggins
32%
Parental issues Batman
31%
No matching quizzes found
Score Distribution
Percent of People with Each Score
Percentile by Number Answered
Your Score History
You have not taken this quiz